000 00390pab a2200133 454500
008 180718b xxu||||| |||| 00| 0 eng d
100 _aAronoff, Marilyn
245 _aDefining disaster: local constructions for recovery in the aftermath of chemical contamination
650 _a Chemical Contamination
650 _aDisasters
700 _aGunter
773 _aSocial Problems
909 _a23617
999 _c23617
_d23617